000
00307nam a2200133Ia 4500
100
_a
Schwartz/Mischa
942
_c
BK
654
_a
telecommunication
245
_a
Telecomminication Networks:Protocols
260
_b
Pearson Education
_c
1987
082
_a
621.382
_b
SCH
300
_a
749
546
_a
ENGLISH
999
_c
18997
_d
18997